Statistics for Countries Bordering Russia

Click here to take the quiz!

General Stats

  • This quiz has been taken 351 times
  • The average score is 12 of 14

Answer Stats

Country% Correct
China
98%
Mongolia
96%
Ukraine
95%
Belarus
92%
Finland
92%
Estonia
89%
Latvia
88%
Lithuania
87%
North Korea
85%
Georgia
84%
Kazakhstan
83%
Poland
80%
Azerbaijan
76%
Norway
72%

Score Distribution

Percentile by Number Answered

Percent of People with Each Score

Your Score History

You have not taken this quiz